[Event "Warsaw Najdorf Memorial op-A 22nd"]
[Site "Warsaw"]
[Date "2025.07.08"]
[Round "1"]
[White "Cornelisse, Lorelei"]
[Black "Peng, Xiongjian"]
[Result "0-1"]
[WhiteElo "2129"]
[BlackElo "2520"]
[PlyCount "74"]
[EventDate "2025.07.08"]
[EventType "swiss"]
[EventRounds "9"]
[EventCountry "POL"]
[SourceTitle "CB29_2025"]
[SourceDate "2025.07.16"]
[SourceVersion "1"]
[SourceVersionDate "2025.07.16"]
[SourceQuality "1"]

1. d4 Nf6 2. c4 e6 3. Nf3 a6 4. g3 b5 5. Nbd2 Bb7 6. Bg2 c5 7. 0-0 cxd4 8. cxb5 d3 9. exd3 axb5 10. Re1 Bb4 11. Re2 0-0 12. a3 Be7 13. Nb3 Nd5 14. Bd2 Qb6 15. Rc1 Nc6 16. Bg5 f6 17. Bd2 b4 18. Nh4 Ne5 19. d4 Nd3 20. Rb1 Rfb8 21. Be4 Nxb2 22. Rxb2 bxa3 23. Ra2 f5 24. Bc2 Bxh4 25. gxh4 Qc6 26. f3 Nc3 27. Bxc3 Qxc3 28. Re5 Bxf3 29. Qd2 Rxb3 30. Bxb3 Qxb3 31. Re3 Qb1+ 32. Kf2 Bd5 33. Rexa3 Rc8 34. Rb2 Qh1 35. Kg3 Qg1+ 36. Kf4 Qg4+ 37. Ke3 Qf3# 0-1

[Event "Warsaw Maciei Memorial"]
[Site "Warsaw"]
[Date "2025.07.07"]
[Round "4"]
[White "Cornelisse, Lorelei"]
[Black "Kokoszczynski, Jan"]
[Result "0-1"]
[WhiteElo "2129"]
[BlackElo "2301"]
[PlyCount "108"]
[EventDate "2025.07.07"]
[EventType "swiss (blitz)"]
[EventRounds "11"]
[EventCountry "POL"]
[SourceTitle "CB28_2025"]
[SourceDate "2025.07.09"]
[SourceVersion "1"]
[SourceVersionDate "2025.07.09"]
[SourceQuality "1"]

1. d4 Nf6 2. Nc3 d5 3. Bf4 a6 4. e3 c5 5. Nf3 Nc6 6. dxc5 Bg4 7. Be2 e6 8. Na4 Bxc5 9. Nxc5 Qa5+ 10. c3 Qxc5 11. 0-0 0-0 12. h3 Bh5 13. Ne5 Bxe2 14. Qxe2 Rac8 15. Rfd1 Rfd8 16. Rac1 h6 17. c4 Qa5 18. a3 Nxe5 19. Bxe5 dxc4 20. Rxd8+ Qxd8 21. Rxc4 Rxc4 22. Qxc4 Nd5 23. b4 Qd7 24. Qg4 f6 25. Bd4 Kf7 26. Qh5+ Kf8 27. Qg6 e5 28. Bc5+ Kg8 29. Qg4 Qxg4 30. hxg4 b5 31. Kf1 Nc3 32. Ke1 Nb1 33. Kd1 Nxa3 34. Kd2 Kf7 35. e4 Nc4+ 36. Kd3 Ke6 37. Bf8 Kf7 38. Bc5 g6 39. f3 Ke6 40. Bf8 h5 41. gxh5 gxh5 42. g4 h4 43. Bc5 a5 44. bxa5 Nxa5 45. Bf2 h3 46. Bg3 Kf7 47. Kc3 Nc6 48. f4 exf4 49. Bxf4 Kg6 50. Kd2 Nd4 51. Kd3 Ne6 52. Bg3 Kg5 53. e5 Kxg4 54. Bh2 f5 0-1

[Event "Warsaw Maciei Memorial"]
[Site "Warsaw"]
[Date "2025.07.07"]
[Round "11"]
[White "Lecki, Leonard"]
[Black "Cornelisse, Lorelei"]
[Result "1-0"]
[WhiteElo "2198"]
[BlackElo "2129"]
[PlyCount "69"]
[EventDate "2025.07.07"]
[EventType "swiss (blitz)"]
[EventRounds "11"]
[EventCountry "POL"]
[SourceTitle "CB28_2025"]
[SourceDate "2025.07.09"]
[SourceVersion "1"]
[SourceVersionDate "2025.07.09"]
[SourceQuality "1"]

1. e4 c5 2. Nf3 d6 3. Bb5+ Nd7 4. 0-0 a6 5. Be2 g6 6. c4 Bg7 7. d4 cxd4 8. Nxd4 Ngf6 9. Nc3 0-0 10. Be3 Nc5 11. f3 Rb8 12. Qd2 Bd7 13. Rac1 Re8 14. Rfd1 Qa5 15. a3 Ne6 16. Nb3 Qd8 17. Kh1 b5 18. cxb5 axb5 19. Na2 Nh5 20. Nb4 Be5 21. Nd5 Nf8 22. f4 Bg7 23. Bxh5 gxh5 24. Nc7 Bg4 25. Re1 Ng6 26. Nxe8 Qxe8 27. Nd4 h4 28. h3 Bd7 29. Rc7 e5 30. Nf5 exf4 31. Bxf4 Nxf4 32. Qxf4 Bxf5 33. Qxf5 b4 34. axb4 Rxb4 35. Rc8 1-0

[Event "Titled Tuesday intern op 03rd Jan Late"]
[Site "Chess.com INT"]
[Date "2025.06.03"]
[Round "6"]
[White "Morris Suzuki, Alan H"]
[Black "Cornelisse, Lorelei"]
[Result "0-1"]
[WhiteElo "1986"]
[BlackElo "2132"]
[PlyCount "46"]
[EventDate "2025.06.03"]
[EventType "swiss (blitz)"]
[EventRounds "11"]
[EventCountry "USA"]
[SourceTitle "CB24_2025"]
[SourceDate "2025.06.11"]
[SourceVersion "1"]
[SourceVersionDate "2025.06.11"]
[SourceQuality "1"]

1. Nf3 g6 2. d4 Bg7 3. c4 d6 4. Nc3 f5 5. e4 fxe4 6. Nxe4 Nf6 7. Bd3 Bf5 8. Neg5 Qd7 9. d5 0-0 10. Nd4 Bxd3 11. Qxd3 Qg4 12. Nge6 Qxg2 13. Rf1 Nbd7 14. Be3 Ne5 15. Qe2 Nfg4 16. 0-0-0 Nxe3 17. Qxe3 Nxc4 18. Qe2 Bh6+ 19. Kc2 Qxd5 20. Nxf8 Rxf8 21. Ne6 Na3+ 22. Kc3 Rf3+ 23. Rd3 Qc4# 0-1

[Event "Titled Tuesday intern op 03rd Jan Late"]
[Site "Chess.com INT"]
[Date "2025.06.03"]
[Round "9"]
[White "Pulido Alvarez, Ariel"]
[Black "Cornelisse, Lorelei"]
[Result "1-0"]
[WhiteElo "2252"]
[BlackElo "2132"]
[PlyCount "86"]
[EventDate "2025.06.03"]
[EventType "swiss (blitz)"]
[EventRounds "11"]
[EventCountry "USA"]
[SourceTitle "CB24_2025"]
[SourceDate "2025.06.11"]
[SourceVersion "1"]
[SourceVersionDate "2025.06.11"]
[SourceQuality "1"]

1. e4 e5 2. Nf3 Nc6 3. d4 exd4 4. Nxd4 Qh4 5. Nb5 Bb4+ 6. N1c3 Ba5 7. Be2 Nf6 8. 0-0 0-0 9. Bf3 Ne5 10. g3 Nxf3+ 11. Qxf3 Qh3 12. Bg5 Ng4 13. Qg2 Qh5 14. Bf4 Ne5 15. Bxe5 Qxe5 16. f4 Qc5+ 17. Qf2 Qb4 18. a3 Qc4 19. Kg2 Bb6 20. Qe2 Qxe2+ 21. Nxe2 c6 22. Nd6 Bc7 23. Rad1 Rd8 24. Nc3 b6 25. e5 Ba6 26. Rfe1 Kf8 27. Nce4 h6 28. Rd4 c5 29. Rd2 Ke7 30. Red1 Rab8 31. Nf5+ Kf8 32. Rxd7 Bb7 33. Kf3 g6 34. Nxh6 Rxd7 35. Rxd7 Bd8 36. Rxf7+ Ke8 37. Ke3 Be7 38. Nd6+ Bxd6 39. exd6 Bd5 40. Re7+ Kd8 41. f5 gxf5 42. Nxf5 Rb7 43. Rxb7 Bxb7 1-0

[Event "Titled Tuesday intern op 01st Apr Late"]
[Site "Chess.com INT"]
[Date "2025.04.01"]
[Round "5"]
[White "Cornelisse, Lorelei"]
[Black "Danila, Tudor Gabriel"]
[Result "1-0"]
[WhiteElo "2099"]
[BlackElo "2178"]
[PlyCount "39"]
[EventDate "2025.04.01"]
[EventType "swiss (blitz)"]
[EventRounds "11"]
[EventCountry "USA"]
[SourceTitle "CB15_2025"]
[SourceDate "2025.04.09"]
[SourceVersion "1"]
[SourceVersionDate "2025.04.09"]
[SourceQuality "1"]

1. d4 Nf6 2. Nc3 d5 3. Bf4 e6 4. Nb5 Bb4+ 5. c3 Ba5 6. a4 a6 7. b4 axb5 8. axb5 Ne4 9. Rxa5 Rxa5 10. bxa5 Nxc3 11. Qc2 Nxb5 12. e3 Bd7 13. Bxb5 Bxb5 14. Bxc7 Qc8 15. Qc5 Ba6 16. Qd6 Nc6 17. Nf3 Qd7 18. Ne5 Nxe5 19. dxe5 Qb5 20. Qd8# 1-0

[Event "Titled Tuesday intern op 01st Apr Late"]
[Site "Chess.com INT"]
[Date "2025.04.01"]
[Round "6"]
[White "Foldes, Marton Gabor"]
[Black "Cornelisse, Lorelei"]
[Result "1-0"]
[WhiteElo "2324"]
[BlackElo "2099"]
[PlyCount "70"]
[EventDate "2025.04.01"]
[EventType "swiss (blitz)"]
[EventRounds "11"]
[EventCountry "USA"]
[SourceTitle "CB15_2025"]
[SourceDate "2025.04.09"]
[SourceVersion "1"]
[SourceVersionDate "2025.04.09"]
[SourceQuality "1"]

1. e4 e5 2. Nf3 Nc6 3. d4 exd4 4. Bb5 Bc5 5. 0-0 Nge7 6. Ng5 0-0 7. Qh5 h6 8. Nxf7 Rxf7 9. Qxc5 d6 10. Qh5 Be6 11. f4 a6 12. Bd3 Nb4 13. f5 Nxd3 14. cxd3 Bd7 15. Nd2 Nc6 16. Nf3 Qf6 17. g4 Ne5 18. g5 Nxf3+ 19. Rxf3 hxg5 20. Bxg5 g6 21. Bxf6 gxh5 22. Rg3+ Kh7 23. Bxd4 d5 24. Rg5 Rg8 25. Rxg8 Kxg8 26. Kf2 dxe4 27. dxe4 Bc6 28. Re1 Re7 29. e5 Rd7 30. Bc3 Rd5 31. f6 Kf7 32. e6+ Kg6 33. Rg1+ Kf5 34. f7 Kxe6 35. f8Q Rf5+ 1-0